|
|
|
|
| LEADER |
00704nab a2200169 i 4500 |
| 001 |
misc14869 |
| 005 |
20191106141334.0 |
| 008 |
170607s1991 hu o 0|| hun d |
| 022 |
|
|
|a 0025-0260
|
| 040 |
|
|
|a SZTE Miscellanea Repozitórium
|b hun
|
| 041 |
|
|
|a hun
|
| 245 |
0 |
0 |
|a Beszámoló a Magyar Tudományos Akadémia Pedagógia Bizottsága Neveléstörténeti Albizottságának 1991. évi tevékenységéről
|h [elektronikus dokumentum]
|
| 260 |
|
|
|c 1991
|
| 300 |
|
|
|a 243
|
| 490 |
0 |
|
|a Magyar pedagógia : a Magyar Tudományos Akadémia Pedagógiai Bizottságának folyóirata
|v 91 No. 3-4
|
| 695 |
|
|
|a Oktatásügy jelentés
|
| 856 |
4 |
0 |
|u http://misc.bibl.u-szeged.hu/14869/1/mp_1991_003_004_243.pdf
|z Dokumentum-elérés
|